1235 1099 1964 1034 1023 1531 1831 1058 1583 1459 1079 1118 1120 1499 1275 1385 1588 1194 1319 1050 1524 1803 1654 1532 1961 1294 1561 1651 1497 1081 1880 1283 1951 1018 1706 1611 1651 1585 1275 1542 1108 1275 1250 1351 1076 1520 1899 1423 1280 1118 1512 1217 1142 1468 1919 1653 1847 1697 1856 1845 1480 1888 1167 1227 1753 1434 1074 1427 1453 1635 1905 1399 1217 1849 1144 1003 1058 1002 1201 1674 1576 1218 1759 1868 1540 1583 1791 1197 1078 1080 1740 1847 1975 1024 1079 1130 1806 1306 1995 BCNSPRNW ULIB Ver.6.0+V

เปลี่ยนเป็นภาษาไทย

Change to English
 แสดงรายละเอียดบรรณานุกรม
  กลับหน้าหลัก

Brief Record : Get Marc (ISO 2709) : E-mail record : QR code < ปิดหน้าต่าง
LEADER : 00000nam 2200000uu 4500
001    13399127378
003     ULIB
008    200513s2562||||th 000 0 tha d
020 ^- ^a9786162715464
060 ^- ^aW84.61^bป625
245 00 ^aปัญหาเวชปฏิบัติปฐมภูมิยุคใหม่และการดู=Emerging primary care trends and implications for practice /บรรณาธิการ นฤชา โกมลสุรเดช ... [และคนอื่นๆ].
250 ^- ^aพิมพ์ครั้งที่ 1.
260 ^- ^aสงขลา :ภาควิชาเวชศาสตร์ครอบครัวและเวชศาสตร์ป้องกัน คณะแพทยศาสตร์ มหาวิทยาลัยสงขลานครินทร์,^c2562
300 ^- ^a216 หน้า :^bภาพประกอบ.
650 ^4 ^aสาธารณสุขมูลฐาน^xการใช้ยา.
700 0^ aนฤชา โกมลสุรเดช.
700 0^ aกัมพล เอี่ยมพนากิจ.
700 0^ aจารุรินทร์ ปิตานุพงศ์.
700 0^ aธรรมสินธิ์ อิงวิยะ.
700 0^ aธารีรัตน์ อนันต์ชัยทรัพย์.
700 0^ aพลเทพ วิจิตรคุณากร.
700 0^ aศุภกร ศรีแผ้ว.
700 0^ aศศิวรา บุญรัศมี.
700 0^ aสุภร บุษปวนิช.
710 2^ aมหาวิทยาลัยสงขลานครินทร์^bภาควิชาเวชศาสตร์ครอบครัวและเวชศาสตร์ป้องกัน.
945    ^p380^l0^i28241
999    ^aกัณชพร จุลอักษร
รายการนี้ยังไม่มีแท็ก
คุณยังไม่ได้ล็อกอิน คุณสามารถมีกิจกรรมร่วมกับเว็บไซต์ได้ แต่ต้องล็อกอินก่อน ::
  ล็อกอิน

รายการสื่อสารสนเทศ

ลำดับที่ ประเภท เลขเรียก/บาร์โค้ด สถานที่ สถานะ
1. หนังสือสำรอง
หนังสือสำรอง
W84.61 ป625 ฉ.1 
  Barcode: 28241
ห้องสมุดวิทยาเขตนครสวรรค์
►หนังสือทั่วไป:l:General Books
บนชั้น

รายการใกล้เคียง
    ชื่อเรื่อง [ปัญหาเวชปฏิบัติปฐมภูมิยุคใหม่และการดู=Emerging primary care trends and implications for practice /บรรณาธิการ นฤชา โกมลสุรเดช ... [และคนอื่นๆ].]

BibComment


ยังไม่เคยถูกคอมเมนท์

คอมเมนท์ทรัพยากรรายการนี้
  คอมเมนท์: ปัญหาเวชปฏิบัติป..


 Copyright 2026. Bcnsprnw @Library